Responses for Show #2584 - Thursday, November 23, 1995

1995 Tournament of Champions final game 1.

Contestants

[<< previous game]

Isaac Segal, an advertising creative director from Cherry Hill, New Jersey

Ryan Holznagel, a software writer from Forest Grove, Oregon

David Siegel, a paralegal from Los Angeles, California

[next game >>]

Jeopardy! Round responses

AMERICAN HISTORY
POTENT POTABLES
BROADWAY SONGS
THE BODY HUMAN
FOREIGN CURRENCY
NATIONAL STATUARY HALL
    $100 1
Louisiana Purchase

David
    $100 6
beer

David
    $100 16
Camelot

Ryan
    $100 8
the Adam's apple

Ryan
    $100 26
the yen

David
    $100 20
Samuel Adams

David
    $200 2
Ethan Allen

Ryan
    $200 7
a Tom Collins

Isaac
    $200 17
Mame

Isaac
    $200 10
(Ryan: What is the iris?)
(David: What is the lens?)

the pupil

DavidRyanIsaac
    $200 27
France

David
    $200 21
Mississippi

David
    $300 3
Ulysses S. Grant

Ryan
    $300 9
vodka

Isaac
    $300 23
"Phantom of the Opera"

David
    $300 11
hemoglobin

David
    $300 28
the pound

Ryan
    $300 18
Hawaii

Triple Stumper
    $400 4
Whigs

David
    $400 14
a margarita

Ryan
    $400 24
"People will say we're in love"

David
    $400 12
the femur

Isaac
    $400 29
Mongolia

David
    $400 19
Lew Wallace

Isaac
    $500 5
(Isaac: Who is Polk?)
(David: Who is Van Buren?)

John Tyler

DavidRyanIsaac
    $500 15
Sherry

David
    $1,000 25
Stephen Sondheim & Leonard Bernstein

David
    $500 13
(Isaac: What is the cerebral cortex?)

the dura mater

RyanIsaac
    $500 30
the (Dutch) guilder

Triple Stumper
    $500 22
Missouri

Isaac

Scores at the first commercial break (after clue 15):

David Ryan Isaac
$700 $1,800 $100

Scores at the end of the Jeopardy! Round:

David Ryan Isaac
$3,400 $2,200 $1,200

Double Jeopardy! Round responses

ENGLISH LITERATURE
PEOPLE
GRAPHIC ARTS
RULERS
GOURMET CUISINE
PHYSICS
    $200 4
The Hound of the Baskervilles

David
    $200 6
Bobby Fischer

David
    $200 16
a balloon

Ryan
    $200 11
China

Ryan
    $200 21
salt

Ryan
    $200 22
carbon

Ryan
    $400 5
William Makepeace Thackeray

Ryan
    $400 7
the National Geography Bee

David
    $400 20
a keyboard

Isaac
    $400 12
Hadrian

Ryan
    $400 27
truffles

Isaac
    $400 24
electrons

David
    $600 1
Thomas Hardy

David
    $600 8
Jane Goodall

David
    $600 17
bleeding

Ryan
    $600 13
(David: What is Spain?)

Portugal

DavidIsaac
    $600 28
snails

Ryan
    $600 23
a semiconductor

David
    $800 2
(David: Well, I hope it's [*].)
(Alex: Yeah, but you didn't phrase it in the form of a question, unfortunately, and in the Double Jeopardy! Round we cannot offer you any assistance in that regard, and so it will cost you. You have to be careful; don't blurt out responses. Think about them. It just cost you the $800.)

Of Human Bondage

David
    $800 9
Reba McEntire

Triple Stumper
    $800 18
(Isaac: What is public domain?)

clip art

RyanIsaac
    $800 14
Hugh Capet

Isaac
    $800 29
kidneys

David
    $800 25
centrifugal force

Ryan
    $1000 3
The Decline and Fall of the Roman Empire

David
    $1000 10
Lucian Freud

David
    $1000 19
black

Triple Stumper
    $1000 15
Beatrix

Isaac
    $1000 30
Chateaubriand

David
    $500 26
viscosity

Ryan

Scores at the end of the Double Jeopardy! Round:

David Ryan Isaac
$8,800 $7,100 $3,600

Final Jeopardy! Round responses

ETHICS
IsaacWhat is The Hippocratic Oath?
$2,500
RyanWhat is The Hippocratic Oath?
$3,003
DavidWhat is Aristotle's Ethics?
$3,300
The Hippocratic Oath

Final scores:

David Ryan Isaac
$5,500 $10,103 $6,100

Game dynamics:

Coryat scores:

David Ryan Isaac
$9,100 $7,600 $3,600
24 R
(including 1 DD),
4 W
(including 1 DD)
19 R
(including 1 DD),
1 W
12 R,
3 W

Combined Coryat: $20,300

[game clues] [game scores] [suggest correction]

Game tape date: 1995-10-11
The J! Archive is created by fans, for fans. Scraping, republication, monetization, and malicious use prohibited; this site may use cookies and collect identifying information. See terms. The Jeopardy! game show and all elements thereof, including but not limited to copyright and trademark thereto, are the property of Jeopardy Productions, Inc. and are protected under law. This website is not affiliated with, sponsored by, or operated by Jeopardy Productions, Inc. Join the discussion at JBoard.tv.